[Event "ODJM C 2019"]
[Site "Willingen GER"]
[Date "2019.06.11"]
[Round "4"]
[White "Färber, Sophie"]
[Black "Bartelheimer, Erik"]
[Result "1-0"]
[Termination "normal"]
[Board "15"]
[WhiteElo "1409"]
[BlackElo "1053"]
[PlyCount "41"]
[WhiteFideId "16239121"]
[BlackFideId "16279352"]
[EventCountry "GER"]
[EventRounds "9"]
[EventType "swiss"]
[EventDate "2019.06.08"]

1. e4 e5 2. Nf3 Nc6 3. Bc4 Bc5 4. c3 Nf6 5. d4 exd4 6. e5 Qe7 7. O-O Ng8 8. Bg5
f6 9. exf6 Qf8 10. f7+ Qxf7 11. Bxf7+ Kxf7 12. cxd4 Bd6 13. Ne5+ Ke8 14. Qh5+
g6 15. Nxg6 hxg6 16. Qxh8 Kf8 17. Bh6+ Kf7 18. Qg7+ Ke8 19. Re1+ Kd8 20. Qxg8+
Bf8 21. Qxf8# 1-0

[Event "ODJM C 2019"]
[Site "Willingen GER"]
[Date "2019.06.11"]
[Round "4"]
[White "Fischer, John"]
[Black "Jagodzinsky, Lukas"]
[Result "1-0"]
[Termination "normal"]
[Board "16"]
[WhiteElo "1374"]
[BlackElo "1026"]
[PlyCount "51"]
[WhiteFideId "16268679"]
[BlackFideId "16233255"]
[EventCountry "GER"]
[EventRounds "9"]
[EventType "swiss"]
[EventDate "2019.06.08"]

1. d4 d5 2. Nc3 Nf6 3. Bf4 Bf5 4. e3 Nc6 5. f3 e6 6. h4 h6 7. g4 Bh7 8. Bd3 Bb4
9. Nge2 Qe7 10. Bxh7 Rxh7 11. Qd3 O-O-O 12. O-O-O a6 13. g5 Nd7 14. Qxh7 hxg5
15. hxg5 g6 16. Qg7 Qe8 17. Rh7 f5 18. gxf6 Kb8 19. Bg5 Qg8 20. Rdh1 Qxg7 21.
fxg7 Be7 22. Bxe7 Nxe7 23. Rh8 Rc8 24. Rxc8+ Nxc8 25. g8=Q b6 26. Rh8 1-0

[Event "ODJM C 2019"]
[Site "Willingen GER"]
[Date "2019.06.11"]
[Round "4"]
[White "Vöcking, Laura"]
[Black "Bangiev, Anton"]
[Result "1/2-1/2"]
[Termination "normal"]
[Board "17"]
[WhiteElo "1172"]
[BlackElo "1342"]
[PlyCount "131"]
[WhiteFideId "16287630"]
[BlackFideId "16267222"]
[EventCountry "GER"]
[EventRounds "9"]
[EventType "swiss"]
[EventDate "2019.06.08"]

1. e4 d6 2. d4 g6 3. Nf3 Bg7 4. c4 Nf6 5. Nc3 O-O 6. Be2 Nc6 7. O-O e5 8. d5
Ne7 9. Bg5 h6 10. Be3 Bg4 11. Qd2 Kh7 12. h3 Bxf3 13. Bxf3 Nd7 14. Ne2 f5 15.
Qd3 f4 16. Bd2 c6 17. Rfc1 Rc8 18. dxc6 Nc5 19. Qc3 bxc6 20. Qa5 Ng8 21. Qxd8
Rcxd8 22. b4 Ne6 23. b5 cxb5 24. cxb5 Ng5 25. Bb4 Nxf3+ 26. gxf3 Rd7 27. Rc6
Rfd8 28. Rac1 Ne7 29. Rc7 Bf6 30. Ba5 Rxc7 31. Rxc7 Rb8 32. a4 Kg8 33. Rxa7 Nc8
34. Bc7 Rxb5 35. Ra8 Rc5 36. Rxc8+ Kf7 37. a5 Rc6 38. Nc3 Rxc3 39. a6 Ra3 40.
Ra8 Ke7 41. Bb6 Kd7 42. a7 Kc6 43. Rb8 Ra6 44. a8=Q+ Rxa8 45. Rxa8 Kxb6 46. Re8
g5 47. Re6 Bg7 48. Rxd6+ Kc5 49. Rg6 Bf8 50. Kg2 Kd4 51. h4 gxh4 52. Kh3 Kd3
53. Kxh4 Ke2 54. Re6 Bg7 55. Kh5 Kxf2 56. Rg6 Bf8 57. Rg8 Kxf3 58. Rxf8 Kxe4
59. Kxh6 f3 60. Kg5 Ke3 61. Kg4 e4 62. Kg3 Ke2 63. Rf4 Ke3 64. Kg4 Kd3 65. Kg3
Ke3 66. Kg4 1/2-1/2

[Event "ODJM C 2019"]
[Site "Willingen GER"]
[Date "2019.06.11"]
[Round "4"]
[White "Buchholz, Jan Robert"]
[Black "Pauser, Kilian"]
[Result "1-0"]
[Termination "normal"]
[Board "18"]
[WhiteElo "1229"]
[BlackElo "995"]
[PlyCount "56"]
[WhiteFideId "16286537"]
[BlackFideId "16287584"]
[EventCountry "GER"]
[EventRounds "9"]
[EventType "swiss"]
[EventDate "2019.06.08"]

1. c4 e5 2. g3 Nf6 3. Bg2 c6 4. e3 d5 5. cxd5 cxd5 6. Ne2 e4 7. b3 Bg4 8. O-O
Bb4 9. a3 Be7 10. Re1 Nbd7 11. d3 Ne5 12. dxe4 Qd7 13. exd5 Nf3+ 14. Bxf3 Bxf3
15. Qd3 O-O 16. Nbc3 Qh3 17. Nf4 Qh6 18. e4 Bg4 19. e5 Nh5 20. Ne6 g5 21. Nxf8
Qxf8 22. d6 Bd8 23. Qe4 Bc8 24. Be3 Qe8 25. Nd5 Be6 26. g4 Bxd5 27. Qxd5 Ng7
28. Qxb7 Bb6 1-0

[Event "ODJM C 2019"]
[Site "Willingen GER"]
[Date "2019.06.11"]
[Round "4"]
[White "Borriss, Emma"]
[Black "Vollmer, Jan"]
[Result "1/2-1/2"]
[Termination "normal"]
[Board "20"]
[WhiteElo "1052"]
[BlackElo "1269"]
[PlyCount "209"]
[WhiteFideId "16287517"]
[BlackFideId "16287649"]
[EventCountry "GER"]
[EventRounds "9"]
[EventType "swiss"]
[EventDate "2019.06.08"]

1. e4 e5 2. Nf3 Nc6 3. Nc3 Nf6 4. Bc4 Bc5 5. O-O O-O 6. d3 d6 7. Bg5 Bg4 8. h3
Bd7 9. Nd5 Kh8 10. Nh2 h6 11. Bh4 g5 12. Bg3 g4 13. Nxf6 Qxf6 14. Nxg4 Bxg4 15.
Qxg4 Rg8 16. Qh4 Qxh4 17. Bxh4 Raf8 18. c3 Na5 19. b4 Nxc4 20. bxc5 Na5 21.
cxd6 cxd6 22. Be7 Re8 23. Bxd6 Rg5 24. h4 Rh5 25. g3 Rg8 26. Kh2 f5 27. Bxe5+
Kh7 28. Rfe1 Nc6 29. Bf4 Rd8 30. exf5 Rxf5 31. d4 h5 32. Rab1 b6 33. Re6 Na5
34. Re7+ Kg6 35. Rxa7 Nc4 36. Rb4 Rc8 37. Rc7 Rxc7 38. Bxc7 b5 39. a4 Na3 40.
f4 bxa4 41. Rxa4 Nb5 42. Bd8 Nxc3 43. Ra5 Rf7 44. Rg5+ Kh6 45. g4 Rxf4 46.
Rxh5+ Kg6 47. Rg5+ Kh6 48. Rc5 Rxd4 49. Bf6 Rd2+ 50. Kg1 Rd1+ 51. Kg2 Ne4 52.
Rh5+ Kg6 53. Be5 Rc1 54. Kf3 Rc4 55. Ba1 Nd2+ 56. Ke2 Rxg4 57. Rh8 Nb3 58. Kf3
Rxh4 59. Rxh4 Nxa1 60. Rf4 Kg5 61. Ke4 Nc2 62. Rf5+ Kg4 63. Rf8 Kg5 64. Ke5 Kg4
65. Rg8+ Kf3 66. Rf8+ Kg3 67. Ke4 Ne1 68. Ke3 Kg4 69. Kf2 Nd3+ 70. Ke3 Nc5 71.
Kf2 Ne6 72. Rf6 Nc7 73. Kg2 Nd5 74. Rf3 Nb6 75. Rd3 Kf4 76. Kf2 Ke4 77. Ke2 Kf4
78. Rd6 Nc8 79. Rf6+ Ke5 80. Rh6 Ne7 81. Rh5+ Kf6 82. Kf3 Kg6 83. Re5 Nc8 84.
Kg4 Kf6 85. Kf4 Kg6 86. Rf5 Nd6 87. Rf8 Nb7 88. Kg4 Kg7 89. Rf5 Nd6 90. Rf4 Nb5
91. Kg5 Nc3 92. Rf3 Ne4+ 93. Kh5 Nd2 94. Rf5 Ne4 95. Kh4 Nd2 96. Kg5 Ne4+ 97.
Kf4 Nc3 98. Ke5 Ne2 99. Rg5+ Kf7 100. Kd6 Kf6 101. Rg2 Nc3 102. Rf2+ Kg6 103.
Ke6 Kg5 104. Ke5 Kg4 105. Rf1 1/2-1/2

[Event "ODJM C 2019"]
[Site "Willingen GER"]
[Date "2019.06.11"]
[Round "4"]
[White "Burger, Daiana"]
[Black "Ott, Linda"]
[Result "0-1"]
[Termination "normal"]
[Board "21"]
[WhiteElo "1366"]
[BlackElo "1122"]
[PlyCount "74"]
[WhiteFideId "16217233"]
[BlackFideId "12992453"]
[EventCountry "GER"]
[EventRounds "9"]
[EventType "swiss"]
[EventDate "2019.06.08"]

1. e4 e5 2. Nf3 Nc6 3. Bc4 Bc5 4. d3 h6 5. Nc3 d6 6. h3 Nf6 7. Na4 O-O 8. Nxc5
dxc5 9. Be3 b6 10. Qd2 a6 11. g4 b5 12. g5 bxc4 13. gxh6 g6 14. O-O-O cxd3 15.
Bxc5 Re8 16. Ng5 dxc2 17. Qxc2 Nd7 18. h7+ Kg7 19. Be3 Nd4 20. Bxd4 Qxg5+ 21.
Be3 Qf6 22. Kb1 Nb8 23. Qxc7 Qc6 24. Qa5 Qxe4+ 25. Ka1 Nc6 26. Qc3 Rd8 27. Rde1
Qa4 28. h4 Nb4 29. Qxe5+ Kxh7 30. a3 Nc2+ 31. Kb1 Nxe1 32. h5 Rd1+ 33. Bc1 Qc2+
34. Ka2 Be6+ 35. Qxe6 fxe6 36. hxg6+ Kxg6 37. Rg1+ Kf7 0-1

[Event "ODJM C 2019"]
[Site "Willingen GER"]
[Date "2019.06.11"]
[Round "4"]
[White "Schwarz, David"]
[Black "Engels, Marlene"]
[Result "0-1"]
[Termination "normal"]
[Board "22"]
[WhiteElo "950"]
[BlackElo "1263"]
[PlyCount "58"]
[WhiteFideId "16287614"]
[BlackFideId "16222962"]
[EventCountry "GER"]
[EventRounds "9"]
[EventType "swiss"]
[EventDate "2019.06.08"]

1. e4 d6 2. d4 Nd7 3. Nc3 Ngf6 4. f4 c6 5. Nf3 Qc7 6. Be3 e5 7. Be2 Be7 8. Qd2
h6 9. O-O-O b5 10. dxe5 dxe5 11. g3 b4 12. Na4 Qa5 13. fxe5 Qxa4 14. exf6 Qxa2
15. Qd3 Bxf6 16. e5 Be7 17. Kd2 Qa5 18. Ke1 O-O 19. Qd2 Nxe5 20. Nxe5 Qxe5 21.
Bd4 Qe4 22. Rf1 Bg5 23. Qd3 Qe7 24. Qc4 Bg4 25. Rf2 Rfe8 26. Kf1 Bh3+ 27. Ke1
Qe4 28. Qd3 Qh1+ 29. Rf1 Qxf1# 0-1

[Event "ODJM C 2019"]
[Site "Willingen GER"]
[Date "2019.06.11"]
[Round "4"]
[White "Hapke, Lara"]
[Black "Scheerer, Amelie"]
[Result "0-1"]
[Termination "normal"]
[Board "23"]
[WhiteElo "1358"]
[BlackElo "1054"]
[PlyCount "54"]
[WhiteFideId "12996572"]
[BlackFideId "16275772"]
[EventCountry "GER"]
[EventRounds "9"]
[EventType "swiss"]
[EventDate "2019.06.08"]

1. e4 e5 2. Nf3 Nc6 3. d4 exd4 4. Nxd4 Bc5 5. Nb3 Bb6 6. Nc3 Nf6 7. Bg5 O-O 8.
Qd2 h6 9. Bh4 Nxe4 10. Bxd8 Nxd2 11. Nxd2 Rxd8 12. f3 Nd4 13. O-O-O Re8 14. Bc4
c6 15. Rhe1 Rf8 16. Nb3 Nxb3+ 17. Bxb3 d5 18. Re7 Be6 19. Rxb7 Rfe8 20. Ba4
Rac8 21. Ne2 d4 22. Nxd4 Red8 23. Nxc6 Be3+ 24. Rd2 Rxd2 25. Ne7+ Kf8 26. Nxc8
Rd7+ 27. Kb1 Rd1# 0-1

[Event "ODJM C 2019"]
[Site "Willingen GER"]
[Date "2019.06.11"]
[Round "4"]
[White "Wartenberg, Alexander"]
[Black "Laux, Filip"]
[Result "0-1"]
[Termination "normal"]
[Board "24"]
[WhiteElo "1002"]
[BlackElo "1155"]
[PlyCount "66"]
[WhiteFideId "16280768"]
[BlackFideId "16275730"]
[EventCountry "GER"]
[EventRounds "9"]
[EventType "swiss"]
[EventDate "2019.06.08"]

1. e4 c6 2. Nc3 d5 3. d4 dxe4 4. Nxe4 Bf5 5. Ng3 Bg6 6. Nf3 Nf6 7. Be2 e6 8.
O-O Bd6 9. Ne5 Bxe5 10. dxe5 Nd5 11. c4 Nb6 12. Qxd8+ Kxd8 13. Bg5+ Ke8 14.
Rfd1 N8d7 15. Bf4 h6 16. b4 c5 17. a3 Rc8 18. Rac1 Ke7 19. b5 Rhd8 20. Rd6 Bh7
21. Bd3 Bxd3 22. Rxd3 Nf8 23. Rcd1 Nxc4 24. Rxd8 Rxd8 25. Rc1 Nxa3 26. Rxc5 b6
27. Rc7+ Rd7 28. Rc1 Nxb5 29. f3 Ng6 30. Ne2 Nd4 31. Nxd4 Nxf4 32. Nc6+ Ke8 33.
Kf2 Nd3+ 0-1

[Event "ODJM C 2019"]
[Site "Willingen GER"]
[Date "2019.06.11"]
[Round "4"]
[White "Grunert, Heinrich"]
[Black "Chassard, Cecilia"]
[Result "1-0"]
[Termination "normal"]
[Board "25"]
[WhiteElo "1211"]
[BlackElo "915"]
[PlyCount "79"]
[WhiteFideId "16213416"]
[BlackFideId "16271831"]
[EventCountry "GER"]
[EventRounds "9"]
[EventType "swiss"]
[EventDate "2019.06.08"]

1. e4 e5 2. Nf3 Nc6 3. Bc4 Bc5 4. c3 Nf6 5. d4 exd4 6. cxd4 Bb4+ 7. Bd2 Nxe4 8.
Bxf7+ Kxf7 9. Qb3+ d5 10. Bxb4 Nxb4 11. Qxb4 Rf8 12. O-O Kg8 13. Ne5 Qh4 14. f3
Nd6 15. Qc5 Nf5 16. Qxd5+ Kh8 17. Nc3 Qxd4+ 18. Qxd4 Nxd4 19. Rad1 Nf5 20. Rd3
Re8 21. Rfd1 Nd6 22. f4 g5 23. Nd5 Re7 24. Nxe7 Bf5 25. Nxf5 Nxf5 26. Rd8+ Rxd8
27. Rxd8+ Kg7 28. fxg5 Ne3 29. Rd7+ Kg8 30. Rxc7 Nd1 31. Rxb7 Kh8 32. Nd7 Kg7
33. Ne5+ Kg8 34. Ng4 Kh8 35. Nh6 Ne3 36. Kf2 Nd1+ 37. Ke2 Nf2 38. Kxf2 a5 39.
Nf5 a4 40. Rb8# 1-0

[Event "ODJM C 2019"]
[Site "Willingen GER"]
[Date "2019.06.11"]
[Round "4"]
[White "Laag, Elena"]
[Black "Barthel, Sascha"]
[Result "0-1"]
[Termination "normal"]
[Board "26"]
[WhiteElo "841"]
[BlackElo "1297"]
[PlyCount "56"]
[WhiteFideId "16287576"]
[BlackFideId "16280369"]
[EventCountry "GER"]
[EventRounds "9"]
[EventType "swiss"]
[EventDate "2019.06.08"]

1. e4 e5 2. Nf3 Nc6 3. Bc4 Bc5 4. Ng5 Qxg5 5. d3 Qd8 6. Nc3 Nf6 7. Bg5 h6 8.
Bh4 g5 9. Bg3 d6 10. Qd2 Be6 11. Bb5 Bd7 12. O-O-O Qe7 13. Nd5 Nxd5 14. exd5
Nd4 15. Bxd7+ Qxd7 16. Rde1 O-O-O 17. b4 Bb6 18. c3 Nf5 19. a4 Qxa4 20. Qb2
Nxg3 21. fxg3 Rhg8 22. Rhf1 Rdf8 23. Rf6 Rg6 24. Ref1 Rxf6 25. Rxf6 Be3+ 26.
Kb1 Qd1+ 27. Ka2 Bc1 28. Qb1 Qa4# 0-1

[Event "ODJM C 2019"]
[Site "Willingen GER"]
[Date "2019.06.11"]
[Round "4"]
[White "Schilay, Vinzenz"]
[Black "Weiss, Adrian"]
[Result "1-0"]
[Termination "normal"]
[Board "27"]
[WhiteElo "1111"]
[BlackElo "774"]
[PlyCount "47"]
[WhiteFideId "12983209"]
[BlackFideId "16286022"]
[EventCountry "GER"]
[EventRounds "9"]
[EventType "swiss"]
[EventDate "2019.06.08"]

1. e4 d5 2. exd5 Qxd5 3. Nc3 Qa5 4. d4 Nf6 5. Nf3 Bg4 6. Bd3 e6 7. O-O Bd6 8.
Qe2 c6 9. Qe3 Qc7 10. g3 Bh3 11. Re1 Nbd7 12. Bc4 O-O-O 13. a3 Ng4 14. Qd2 Rdg8
15. Ng5 Nxf2 16. Qxf2 Rf8 17. Nxh3 Nf6 18. b4 Ng4 19. Qg2 f5 20. Bxe6+ Kb8 21.
b5 h6 22. Rb1 Qb6 23. bxc6 Qxc6 24. Qxc6 1-0

[Event "ODJM C 2019"]
[Site "Willingen GER"]
[Date "2019.06.11"]
[Round "4"]
[White "Burdett, Sabah"]
[Black "Akcapinar, Timur"]
[Result "1-0"]
[Termination "normal"]
[Board "30"]
[WhiteElo "1033"]
[BlackElo "852"]
[PlyCount "29"]
[WhiteFideId "16267702"]
[BlackFideId "16287509"]
[EventCountry "GER"]
[EventRounds "9"]
[EventType "swiss"]
[EventDate "2019.06.08"]

1. e4 c5 2. Nf3 d6 3. d4 cxd4 4. Nxd4 Nf6 5. f3 g6 6. Be3 Bg7 7. Qd2 O-O 8. Nc3
Nc6 9. O-O-O Nxd4 10. Bxd4 Be6 11. h4 Qa5 12. Kb1 Rfc8 13. a3 Rab8 14. g4 b5
15. Bxb5 1-0

[Event "ODJM C 2019"]
[Site "Willingen GER"]
[Date "2019.06.11"]
[Round "4"]
[White "Weidenhöfer, Ben"]
[Black "Prinzen, Per Henrik"]
[Result "0-1"]
[Termination "normal"]
[Board "32"]
[WhiteElo "821"]
[BlackElo "833"]
[PlyCount "154"]
[WhiteFideId "16273702"]
[BlackFideId "16287592"]
[EventCountry "GER"]
[EventRounds "9"]
[EventType "swiss"]
[EventDate "2019.06.08"]

1. d4 d5 2. Bf4 Bf5 3. Nf3 e6 4. e3 Nf6 5. Nc3 c5 6. Bb5+ Nc6 7. O-O a6 8. Bd3
b5 9. Bxf5 exf5 10. Qd3 c4 11. Qxf5 Bd6 12. Bxd6 Qxd6 13. b3 O-O 14. Ne5 Rac8
15. bxc4 bxc4 16. Rab1 Rfe8 17. Nxc6 Rxc6 18. e4 dxe4 19. Rfe1 g6 20. Qg5 h5
21. Qd2 Ng4 22. g3 h4 23. Qe2 f5 24. f3 hxg3 25. fxg4 gxh2+ 26. Qxh2 Qxh2+ 27.
Kxh2 e3 28. gxf5 gxf5 29. Rb7 f4 30. Rg1+ Kf8 31. Rgg7 Rh6+ 32. Kg2 Rf6 33. Kf3
Ree6 34. Rgc7 Rh6 35. Rc8+ Re8 36. Rcc7 Rh2 37. Nd5 Rf2+ 38. Kg4 e2 39. Nf6
Rg2+ 40. Kxf4 Rf2+ 41. Kg5 Rxf6 42. Kxf6 e1=Q 43. Rf7+ Kg8 44. Kg6 Qg1+ 45. Kf6
Qxd4+ 46. Kg6 Qg4+ 47. Kf6 Qe6+ 48. Kg5 Qxf7 49. Rxf7 Kxf7 50. Kf5 Re7 51. a4
Re8 52. a5 c3 53. Kf4 Re2 54. Kf5 Rxc2 55. Ke4 Rb2 56. Kd3 Rb3 57. Kc2 Rb2+ 58.
Kxc3 Ra2 59. Kb4 Ke7 60. Kb3 Ra1 61. Kb4 Kd7 62. Kb3 Kc6 63. Kb4 Ra2 64. Kb3
Rxa5 65. Kb4 Kb6 66. Kb3 Rh5 67. Kb4 Rh4+ 68. Kb3 a5 69. Kc3 a4 70. Kb2 Kb5 71.
Ka3 Rh3+ 72. Ka2 Kb4 73. Kb2 Rh2+ 74. Kc1 a3 75. Kb1 Kb3 76. Kc1 a2 77. Kd1
a1=Q# 0-1